|
|
|
|
| LEADER |
00000nkm a2200000 a 4500 |
| 001 |
vtls011887941 |
| 003 |
SK-MaSNL |
| 005 |
20260512122428.0 |
| 007 |
kp ho |
| 008 |
230706q1904 xo g kuhun |
| 015 |
|
|
|a SNBG1904
|
| 035 |
|
|
|a urn:nbn:sk:snk-km00ehi6
|
| 035 |
|
|
|a urn:nbn:sk:snk-km45xyx
|
| 035 |
|
|
|a B54E8846-FD35-497B-A450-52A7759A621C
|
| 040 |
|
|
|a SNK
|b slo
|c SNK
|e AACR2
|
| 041 |
0 |
|
|a hun
|
| 043 |
|
|
|a e-xo---
|
| 044 |
|
|
|a xo
|c SK
|
| 072 |
|
7 |
|a 913
|x Regionálna geografia
|2 konspekt
|
| 080 |
|
|
|a 913(437.6)
|2 2011
|
| 080 |
|
|
|a 728.81
|2 2011
|
| 080 |
|
|
|a 726:27-523.42
|2 2011
|
| 080 |
|
|
|a 556.53
|2 2011
|
| 080 |
|
|
|a 725.95
|2 2011
|
| 080 |
|
|
|a 94(084.121)
|2 2011
|
| 245 |
0 |
0 |
|a Nyitra
|h grafika
|b Püspöki vár
|
| 260 |
|
|
|a [Slovensko?]
|b [vydavateľ neznámy]
|c [1904?]
|
| 300 |
|
|
|a 1 pohľadnica
|b kolorovaná
|c 10 x 14 cm
|
| 500 |
|
|
|a Názvové údaje prevzaté z obrazovej časti pohľadnice
|
| 520 |
8 |
|
|a Zobrazenie: Pohľad v bielom orámovaní na rieku Nitru vpravo. V pozadí je nad ňou most. Vľavo pozdĺž brehu sú vysoké stromy bez lístia. Vľavo v pozadí vidno budovy mesta a nad nimi na kopci je Nitriansky hrad s vežou baziliky sv. Emeráma. V pravej časti po celej výške pohľadnice sa nachádza biely rámček na správu
|
| 610 |
2 |
7 |
|a Nitriansky hrad
|2 SNKKA
|9 165089
|
| 610 |
2 |
7 |
|a Bazilika sv. Emeráma (Nitra, Slovensko)
|2 SNKKA
|9 153204
|
| 650 |
0 |
7 |
|a hrady
|2 SNKPH
|9 3039
|
| 650 |
0 |
7 |
|a baziliky
|2 SNKPH
|9 54566
|
| 650 |
0 |
7 |
|a rieky
|2 SNKPH
|9 29644
|
| 650 |
0 |
7 |
|a mosty
|2 SNKPH
|9 3015
|
| 651 |
|
7 |
|a Nitra (Slovensko : rieka)
|2 SNKPHgeo
|9 56326
|
| 651 |
|
7 |
|a Nitra (Slovensko)
|2 SNKPHgeo
|9 15714
|
| 655 |
|
7 |
|a miestne pohľadnice
|2 SNKPH
|9 70510
|
| 655 |
|
7 |
|a historické pohľadnice
|2 SNKPH
|9 159703
|
| 852 |
|
|
|a Slovenská národná knižnica
|
| 958 |
|
|
|a GBN
|
| 958 |
|
|
|a GC
|
| 958 |
|
|
|a ONDV
|
| 999 |
|
|
|c 604460
|d 606390
|
| 952 |
|
|
|a SNK
|b SNK
|y PREZ
|7 0
|p 17A1382005
|o snkSP 126250
|z Pohľadnica prešla poštou.
|0 0
|1 0
|4 0
|d 2019-09-18
|f 1
|l 0
|r 2026-02-23 16:04:55
|w 2026-02-23
|